Pierce The Veil - Tangled In The Great Escape Lyrics - Statistics

General Stats
  • This quiz has been taken 7 times
  • The average score is 269 of 311
Answer Stats
Answer % Correct
a
100%
accept
100%
again
100%
all
100%
and
100%
And
100%
at
100%
away
100%
be
100%
breath
100%
Brother,
100%
bury
100%
(bury
100%
But
100%
close
100%
Constant
100%
do
100%
don't
100%
double"
100%
escape
100%
escape,
100%
eyes
100%
friend
100%
good,
100%
great
100%
Great
100%
Guess
100%
guess
100%
had
100%
hungry
100%
I
100%
I'll
100%
I'm
100%
in
100%
in)
100%
inside
100%
is
100%
it
100%
it?
100%
it,
100%
know
100%
lie
100%
look
100%
me
100%
mind
100%
my
100%
never
100%
Never
100%
No,
100%
no,
100%
no
100%
of
100%
on
100%
one
100%
our
100%
out
100%
outside)
100%
part
100%
recovery
100%
say
100%
Scratching
100%
scream,
100%
see
100%
send
100%
So,
100%
somebody
100%
takes
100%
the
100%
They
100%
to
100%
tortured
100%
trouble,
100%
wander
100%
wander,
100%
want
100%
we
100%
Well
100%
we'll
100%
Well,
100%
what
100%
What
100%
When
100%
Will
100%
within
100%
you
100%
Your
100%
your
100%
you're
100%
(You're
100%
You're
100%
afraid
67%
alive?
67%
Am
67%
are
67%
believe
67%
choke
67%
floor
67%
have
67%
hurt
67%
leave
67%
let
67%
Let
67%
"Mayday,
67%
meant
67%
more
67%
nobody
67%
not
67%
now
67%
only
67%
please
67%
promise
67%
should
67%
stay
67%
suicide?
67%
tangled
67%
that
67%
thinks
67%
this
67%
(This
67%
this,
67%
won't
67%
yeah
67%
arm
33%
as
33%
back
33%
backed
33%
became
33%
become?
33%
Can
33%
day
33%
down
33%
it's
33%
just
33%
make
33%
myself,
33%
myself
33%
need)
33%
Oh,
33%
oh
33%
pain
33%
ropes
33%
run
33%
shame
33%
Show
33%
show
33%
started
33%
taste
33%
through
33%
up
33%
way
33%
would
33%
yourself
33%
hide
0%
home
0%
No matching quizzes found
Score Distribution
Percent of People with Each Score
Percentile by Number Answered
Your Score History
You have not taken this quiz